[Event "ROM-chT (Women)"]
[Site "Mamaia"]
[Date "2013.09.05"]
[Round "6.1"]
[White "Adam, Andrea"]
[Black "Atalik, Ekaterina"]
[Result "0-1"]
[WhiteElo "1921"]
[BlackElo "2431"]
[PlyCount "74"]
[EventDate "2013.08.31"]
[EventType "team-tourn"]
[EventRounds "9"]
[EventCountry "ROU"]
[SourceTitle "CBM 156 Extra"]
[Source "ChessBase"]
[SourceDate "2013.10.22"]
[SourceVersion "1"]
[SourceVersionDate "2013.10.22"]
[SourceQuality "1"]
[WhiteTeam "Tigru Mures (W)"]
[BlackTeam "Timisoara Medicina (W)"]
[WhiteTeamCountry "ROU"]
[BlackTeamCountry "ROU"]

1. e4 c5 2. c3 e6 3. d4 d5 4. e5 Nc6 5. Bb5 Qb6 6. Ba4 Bd7 7. Ne2 Nh6 8. Bc2 cxd4 9. cxd4 Nb4 10. Bb3 Nf5 11. 0-0 Nc6 12. Be3 h5 13. Nbc3 h4 14. h3 Be7 15. Bc2 Nxe3 16. fxe3 Nxe5 17. dxe5 Qxe3+ 18. Kh1 Qxe5 19. Ba4 Bc6 20. Nb5 0-0 21. Nbd4 Bxa4 22. Qxa4 Rac8 23. Rac1 Bd6 24. Kg1 Qh2+ 25. Kf2 Bg3+ 26. Kf3 Rxc1 27. Rxc1 e5 28. Nf5 e4+ 29. Ke3 Qxg2 30. Nexg3 hxg3 31. Ne7+ Kh8 32. Nxd5 Qf3+ 33. Kd4 Qd3+ 34. Ke5 g2 35. Qd1 Qxh3 36. Kxe4 Rd8 37. Kd4 Qf5 0-1

[Event "ROM-chT (Women)"]
[Site "Mamaia"]
[Date "2013.09.04"]
[Round "5.1"]
[White "Adam, Andrea"]
[Black "Marin, Irina Luiza"]
[Result "0-1"]
[WhiteElo "1921"]
[BlackElo "2130"]
[PlyCount "66"]
[EventDate "2013.08.31"]
[EventType "team-tourn"]
[EventRounds "9"]
[EventCountry "ROU"]
[SourceTitle "CBM 156 Extra"]
[Source "ChessBase"]
[SourceDate "2013.10.22"]
[SourceVersion "1"]
[SourceVersionDate "2013.10.22"]
[SourceQuality "1"]
[WhiteTeam "Tigru Mures (W)"]
[BlackTeam "Bucharest Central CC (W)"]
[WhiteTeamCountry "ROU"]
[BlackTeamCountry "ROU"]

1. e4 d6 2. d4 Nf6 3. Nc3 g6 4. Bc4 Bg7 5. Bg5 Nc6 6. Nge2 0-0 7. Qd2 Nxe4 8. Bxf7+ Rxf7 9. Nxe4 d5 10. N4g3 Qd6 11. Bh6 Bxh6 12. Qxh6 Qb4+ 13. c3 Qxb2 14. 0-0 e5 15. Rfb1 Qa3 16. h4 Qf8 17. Qe3 exd4 18. cxd4 b6 19. h5 Bd7 20. hxg6 hxg6 21. Qg5 Qd6 22. Rf1 Raf8 23. Rae1 Ne7 24. Nc3 c6 25. Re5 Nf5 26. Nge2 Qf6 27. Qd2 Rh7 28. f4 Qh4 29. Qd3 Qh2+ 30. Kf2 Rh4 31. Nd1 Rg4 32. Rg1 Nh4 33. Ne3 Rgxf4+ 0-1

[Event "ROM-chT U20 Girls"]
[Site "Mamaia"]
[Date "2012.09.07"]
[Round "5"]
[White "Bratu, Andreea"]
[Black "Adam, Andrea"]
[Result "0-1"]
[WhiteElo "1760"]
[BlackElo "1888"]
[PlyCount "106"]
[EventDate "2012.09.03"]
[EventType "team-swiss"]
[EventRounds "5"]
[EventCountry "ROU"]
[SourceTitle "CBM 150 Extra"]
[Source "ChessBase"]
[SourceDate "2012.10.19"]
[SourceVersion "1"]
[SourceVersionDate "2012.10.19"]
[SourceQuality "1"]

1. e4 e5 2. Nf3 Nc6 3. Bc4 Bc5 4. d3 Nf6 5. Nc3 0-0 6. Bg5 Be7 7. Qd2 h6 8. Bxh6 gxh6 9. Qxh6 Nh7 10. Qg6+ Kh8 11. Bxf7 Bb4 12. Qh5 Kg7 13. Qg6+ Kh8 14. h4 Qf6 15. Qxf6+ Nxf6 16. Ng5 Kg7 17. Bb3 Nd4 18. f3 Nxb3 19. axb3 Nh5 20. g4 Nf4 21. Nh3 Bxc3+ 22. bxc3 Ng2+ 23. Ke2 Nxh4 24. Raf1 Ng6 25. d4 d6 26. Ke3 Bd7 27. Rh2 Rh8 28. Rfh1 Rh4 29. Nf2 Rah8 30. Rxh4 Rxh4 31. Rh3 Kf6 32. Rh1 Rxh1 33. Nxh1 Kg5 34. Ng3 Nf4 35. b4 Bb5 36. Nf5 b6 37. Ne7 a5 38. bxa5 bxa5 39. Kd2 a4 40. dxe5 dxe5 41. Kc1 Be2 42. Kb2 Bxf3 43. Ka3 Bxe4 44. Kxa4 Bxc2+ 45. Kb4 Kxg4 46. Nc6 e4 47. Nd4 Bd3 48. c4 e3 49. Kc3 e2 50. Kd2 Bxc4 51. Nc2 Ng2 52. Kc3 Bb5 53. Kd2 e1Q+ 0-1

[Event "ROM-ch (Women)"]
[Site "Sarata Monteoru"]
[Date "2012.02.19"]
[Round "7"]
[White "Bulmaga, Elena"]
[Black "Adam, Andrea"]
[Result "0-1"]
[WhiteElo "1816"]
[BlackElo "1906"]
[PlyCount "79"]
[EventDate "2012.02.13"]
[EventType "swiss"]
[EventRounds "9"]
[EventCountry "ROU"]
[SourceTitle "CBM 147 Extra"]
[Source "ChessBase"]
[SourceDate "2012.04.24"]
[SourceVersion "1"]
[SourceVersionDate "2012.04.24"]
[SourceQuality "1"]

1. d4 Nf6 2. c4 g6 3. Nc3 d5 4. cxd5 Nxd5 5. e4 Nxc3 6. bxc3 c5 7. Nf3 Bg7 8. Rb1 Nc6 9. d5 Bxc3+ 10. Bd2 Bxd2+ 11. Qxd2 Nb8 12. Bb5+ Bd7 13. 0-0 Bxb5 14. Rxb5 b6 15. Qh6 Qd6 16. Rd1 Nd7 17. Ng5 a6 18. Rbb1 b5 19. g3 Ne5 20. f4 Ng4 21. Qh3 h5 22. e5 Qb6 23. Ne4 0-0 24. d6 c4+ 25. Kh1 Qa7 26. dxe7 Qxe7 27. Rd6 Qb7 28. Qg2 Qxe4 29. Qxe4 Nf2+ 30. Kg2 Nxe4 31. Rd4 Nc3 32. Rb2 Rad8 33. Rdd2 Ne4 34. Re2 Nc5 35. h3 Rd4 36. Kf3 Rfd8 37. g4 Rd3+ 38. Kg2 hxg4 39. hxg4 c3 40. Rbc2 0-1

[Event "ROM-ch (Women)"]
[Site "Sarata Monteoru"]
[Date "2012.02.17"]
[Round "5"]
[White "Sonfalean, Maria Laura"]
[Black "Adam, Andrea"]
[Result "0-1"]
[WhiteElo "1628"]
[BlackElo "1906"]
[PlyCount "56"]
[EventDate "2012.02.13"]
[EventType "swiss"]
[EventRounds "9"]
[EventCountry "ROU"]
[SourceTitle "CBM 147 Extra"]
[Source "ChessBase"]
[SourceDate "2012.04.24"]
[SourceVersion "1"]
[SourceVersionDate "2012.04.24"]
[SourceQuality "1"]

1. e4 e5 2. Nf3 Nc6 3. Bc4 Bc5 4. d3 h6 5. 0-0 Nf6 6. c3 Bb6 7. h3 0-0 8. Nbd2 d6 9. a4 a6 10. Re1 Be6 11. Bxe6 fxe6 12. Nc4 Ba7 13. d4 exd4 14. cxd4 e5 15. dxe5 dxe5 16. Qb3 Kh7 17. Ncxe5 Nxe5 18. Nxe5 Bxf2+ 19. Kxf2 Qd4+ 20. Be3 Ng4+ 21. Kg1 Nxe3 22. Rxe3 Qxe5 23. Rd1 Rad8 24. Rxd8 Rxd8 25. Qxb7 Rd1+ 26. Kf2 Rd2+ 27. Re2 Qd4+ 28. Kf1 Qd3 0-1

[Event "ROM-ch (Women)"]
[Site "Sarata Monteoru"]
[Date "2012.02.15"]
[Round "3"]
[White "Ciungan, Diana Alexandra"]
[Black "Adam, Andrea"]
[Result "1/2-1/2"]
[WhiteElo "1677"]
[BlackElo "1906"]
[PlyCount "187"]
[EventDate "2012.02.13"]
[EventType "swiss"]
[EventRounds "9"]
[EventCountry "ROU"]
[SourceTitle "CBM 147 Extra"]
[Source "ChessBase"]
[SourceDate "2012.04.24"]
[SourceVersion "1"]
[SourceVersionDate "2012.04.24"]
[SourceQuality "1"]

1. e4 e5 2. Nf3 Nc6 3. Bb5 a6 4. Ba4 Nf6 5. 0-0 Be7 6. Re1 b5 7. Bb3 d6 8. c3 Bg4 9. h3 Bh5 10. d4 0-0 11. Be3 Na5 12. Bc2 c5 13. dxc5 Bxf3 14. Qxf3 dxc5 15. Rd1 Qc7 16. Nd2 Rfd8 17. Nf1 Nc4 18. b3 Na3 19. Qe2 c4 20. Rxd8+ Rxd8 21. Bc1 Nxc2 22. Qxc2 Rd3 23. Ng3 Qc6 24. Bg5 Bc5 25. Bxf6 Qxf6 26. Nf5 g6 27. Ne3 Bxe3 28. fxe3 Rxe3 29. Rf1 Qh4 30. bxc4 Qxe4 31. Qf2 f5 32. cxb5 axb5 33. Qb2 Qc4 34. Qd2 Rxc3 35. Qd8+ Kg7 36. Qe7+ Kh6 37. Qxe5 Qc5+ 38. Qxc5 Rxc5 39. Rb1 Kg5 40. Kf2 Rc2+ 41. Kf3 Rxa2 42. Rxb5 Ra3+ 43. Kf2 h5 44. Rc5 Ra4 45. Kg3 h4+ 46. Kf3 Re4 47. Ra5 Kf6 48. Ra6+ Re6 49. Ra4 g5 50. Rb4 Rd6 51. Ra4 Ke5 52. Ra5+ Rd5 53. Ra4 Rd3+ 54. Ke2 Rd4 55. Ra3 g4 56. hxg4 fxg4 57. Kf2 Kf4 58. Ra2 g3+ 59. Ke2 Re4+ 60. Kf1 Kg4 61. Ra1 Rf4+ 62. Kg1 Rd4 63. Rb1 Kf4 64. Ra1 Ke3 65. Kf1 Rd2 66. Ra3+ Rd3 67. Ra1 Rc3 68. Re1+ Kd2 69. Re2+ Kd3 70. Re1 Rc2 71. Rd1+ Rd2 72. Rc1 Rf2+ 73. Kg1 Rc2 74. Re1 Rd2 75. Rc1 Ke2 76. Ra1 Rd1+ 77. Rxd1 Kxd1 78. Kf1 Kd2 79. Kg1 Ke2 80. Kh1 Ke3 81. Kg1 Kf4 82. Kh1 Kg5 83. Kg1 Kg4 84. Kh1 h3 85. Kg1 Kh4 86. gxh3 Kxh3 87. Kh1 Kh4 88. Kg2 Kg4 89. Kg1 Kg5 90. Kg2 Kf4 91. Kg1 Ke3 92. Kg2 Kf4 93. Kg1 Kf3 94. Kf1 1/2-1/2

[Event "ROM-ch (Women)"]
[Site "Sarata Monteoru"]
[Date "2012.02.14"]
[Round "2"]
[White "Adam, Andrea"]
[Black "Cusmuliuc, Diana Elena"]
[Result "0-1"]
[WhiteElo "1906"]
[BlackElo "1745"]
[PlyCount "68"]
[EventDate "2012.02.13"]
[EventType "swiss"]
[EventRounds "9"]
[EventCountry "ROU"]
[SourceTitle "CBM 147 Extra"]
[Source "ChessBase"]
[SourceDate "2012.04.24"]
[SourceVersion "1"]
[SourceVersionDate "2012.04.24"]
[SourceQuality "1"]

1. e4 c5 2. Nf3 d6 3. d4 cxd4 4. Nxd4 Nf6 5. Nc3 a6 6. Be2 e5 7. Nb3 Be6 8. Bg5 Be7 9. Qd2 Nbd7 10. 0-0-0 Qc7 11. g4 h6 12. Bh4 0-0-0 13. g5 Nh7 14. f3 Nxg5 15. Bf2 Nh3 16. Be3 Nb6 17. Kb1 Kb8 18. Na5 Bg5 19. Bf1 Bxe3 20. Qxe3 Nf4 21. Nb3 d5 22. exd5 Nbxd5 23. Nxd5 Nxd5 24. Qe1 Nf4 25. Nc1 Rxd1 26. Qxd1 Rd8 27. Qe1 Bf5 28. Nd3 Nxd3 29. Bxd3 Bxd3 30. cxd3 Rxd3 31. Qe4 Qd6 32. Qa4 Qd4 33. Qe8+ Ka7 34. Rc1 Rd2 0-1

[Event "Miercurea Ciuc Banc Post op 13th"]
[Site "Miercurea Ciuc"]
[Date "2010.08.17"]
[Round "9"]
[White "Adam, Andrea"]
[Black "Rosca, Grigore"]
[Result "1/2-1/2"]
[WhiteElo "1903"]
[BlackElo "1665"]
[PlyCount "49"]
[EventDate "2010.08.10"]
[EventType "swiss"]
[EventRounds "9"]
[EventCountry "ROU"]
[SourceTitle "EXT 2012"]
[Source "ChessBase"]
[SourceDate "2011.11.24"]
[SourceVersion "1"]
[SourceVersionDate "2011.11.24"]
[SourceQuality "1"]

1. e4 e6 2. d4 d5 3. Nd2 Nf6 4. e5 Nfd7 5. Bd3 c5 6. c3 Nc6 7. Ne2 Qb6 8. Nf3 cxd4 9. cxd4 f6 10. exf6 Nxf6 11. 0-0 Bd6 12. Nc3 a6 13. Na4 Qc7 14. Bg5 Ne4 15. h3 h6 16. Be3 Qf7 17. Qb1 Qf5 18. a3 0-0 19. Qc2 Qh7 20. Nc3 Rxf3 21. gxf3 Qg6+ 22. Kh1 Qh5 23. Kg2 Qg6+ 24. Kh1 Qh5 25. Kg2 1/2-1/2

[Event "Miercurea Ciuc Banc Post op 13th"]
[Site "Miercurea Ciuc"]
[Date "2010.08.14"]
[Round "5"]
[White "Zlatea, Cezar Stelian"]
[Black "Adam, Andrea"]
[Result "0-1"]
[WhiteElo "1578"]
[BlackElo "1903"]
[PlyCount "82"]
[EventDate "2010.08.10"]
[EventType "swiss"]
[EventRounds "9"]
[EventCountry "ROU"]
[SourceTitle "EXT 2012"]
[Source "ChessBase"]
[SourceDate "2011.11.24"]
[SourceVersion "1"]
[SourceVersionDate "2011.11.24"]
[SourceQuality "1"]

1. e4 c5 2. c3 e6 3. d4 cxd4 4. cxd4 d5 5. e5 Nc6 6. Nc3 Qb6 7. Nf3 Nge7 8. Nb5 Nf5 9. Bd3 a6 10. Bxf5 Qxb5 11. Bd3 Bb4+ 12. Bd2 Qxd3 13. Bxb4 Qxd1+ 14. Rxd1 Nxb4 15. a3 Nc6 16. 0-0 0-0 17. Rc1 Bd7 18. a4 Rac8 19. b3 Nb4 20. Rfd1 Rxc1 21. Rxc1 Rc8 22. Rxc8+ Bxc8 23. Nd2 Bd7 24. g4 b5 25. a5 Nc6 26. Nf3 Nxa5 27. Nd2 b4 28. f4 Bb5 29. Kf2 Bd3 30. Ke3 Bc2 31. Ke2 Nxb3 32. Nxb3 Bxb3 33. Kd2 a5 34. Kc1 a4 35. Kb1 Bc4 36. f5 a3 37. fxe6 fxe6 38. g5 b3 39. g6 b2 40. Kc2 Bd3+ 41. Kxd3 b1Q+ 0-1

[Event "Miercurea Ciuc Banc Post op 13th"]
[Site "Miercurea Ciuc"]
[Date "2010.08.13"]
[Round "4"]
[White "Adam, Andrea"]
[Black "Liebl, Korbinian"]
[Result "0-1"]
[WhiteElo "1903"]
[BlackElo "1783"]
[PlyCount "48"]
[EventDate "2010.08.10"]
[EventType "swiss"]
[EventRounds "9"]
[EventCountry "ROU"]
[SourceTitle "EXT 2012"]
[Source "ChessBase"]
[SourceDate "2011.11.24"]
[SourceVersion "1"]
[SourceVersionDate "2011.11.24"]
[SourceQuality "1"]

1. e4 e5 2. Nf3 Nc6 3. Bb5 a6 4. Ba4 d6 5. d4 b5 6. Bb3 Nxd4 7. Nxd4 exd4 8. Qxd4 c5 9. Qd5 Be6 10. Qc6+ Bd7 11. Qd5 c4 12. Bxc4 bxc4 13. Qxc4 Nf6 14. 0-0 Bb5 15. Qd4 Bxf1 16. Kxf1 Be7 17. Nc3 0-0 18. Bf4 Qc7 19. e5 dxe5 20. Bxe5 Qc6 21. Re1 Rad8 22. Qf4 Bd6 23. Bxd6 Qxd6 24. Qxd6 Rxd6 0-1

[Event "ROM-ch U18 Girls"]
[Site "Voineasa"]
[Date "2010.04.10"]
[Round "3"]
[White "Ilie, Maria Ruxandra"]
[Black "Adam, Andrea"]
[Result "1/2-1/2"]
[WhiteElo "1977"]
[BlackElo "1910"]
[PlyCount "134"]
[EventDate "2010.04.08"]
[EventType "tourn"]
[EventRounds "7"]
[EventCountry "ROU"]
[SourceTitle "EXT 2020"]
[Source "ChessBase"]
[SourceDate "2019.10.17"]
[SourceVersion "1"]
[SourceVersionDate "2019.10.17"]
[SourceQuality "1"]

1. d4 Nf6 2. c4 g6 3. Nc3 d5 4. cxd5 Nxd5 5. g3 Bg7 6. Bg2 Nxc3 7. bxc3 c5 8. Nf3 Nc6 9. e3 0-0 10. 0-0 Rb8 11. Ba3 c4 12. Nd2 Na5 13. Bb4 b5 14. a4 bxa4 15. Rxa4 Rb5 16. Qa1 Nb3 17. Nxb3 cxb3 18. Rxa7 Rxb4 19. cxb4 e5 20. dxe5 Qd2 21. Qd4 Qe2 22. Raa1 Bf5 23. Rfe1 Qb5 24. Ra5 Qd3 25. Qxd3 Bxd3 26. Bf1 Bc2 27. Bc4 Rc8 28. Bxb3 Bxb3 29. Rb1 Be6 30. Rba1 Bf8 31. Ra8 Rc4 32. Rb8 Kg7 33. b5 Rb4 34. b6 Bd5 35. Rc1 Bc5 36. b7 Ba7 37. Ra8 Rxb7 38. Ra1 Bb6 39. Rb1 Rc7 40. Ra6 Be4 41. Rba1 Bc5 42. Rc1 Rd7 43. Ra4 Bf3 44. Rf4 Ba3 45. Ra1 Bb2 46. Rb1 Bc6 47. Rc4 Bd5 48. Rc5 Be4 49. Re1 Re7 50. Rc4 Bd3 51. Rc5 Bxe5 52. Rd1 Be4 53. Rc4 Bf3 54. Rdc1 Kf6 55. Rh4 h5 56. Rb4 Re6 57. Ra4 g5 58. h3 Kf5 59. Rb4 f6 60. Ra4 Rb6 61. Rac4 Be2 62. R4c2 Bd3 63. Ra2 Rb1 64. Rxb1 Bxb1 65. Ra4 Bc2 66. Rc4 Bd3 67. Ra4 Bc2 1/2-1/2

[Event "ROM-ch (Women)"]
[Site "Baile Olanesti"]
[Date "2010.02.03"]
[Round "5"]
[White "Olarasu, Ioana"]
[Black "Adam, Andrea"]
[Result "0-1"]
[WhiteElo "1803"]
[BlackElo "1912"]
[PlyCount "120"]
[EventDate "2010.01.31"]
[EventType "swiss"]
[EventRounds "9"]
[EventCountry "ROU"]
[SourceTitle "CBM 134 Extra"]
[Source "ChessBase"]
[SourceDate "2010.03.03"]
[SourceVersion "1"]
[SourceVersionDate "2010.03.03"]
[SourceQuality "1"]

1. d4 Nf6 2. c4 g6 3. Nc3 d5 4. Nf3 Bg7 5. Qb3 dxc4 6. Qxc4 0-0 7. e4 b6 8. Be3 Bb7 9. Nd2 Ng4 10. e5 Nxe3 11. fxe3 Bh6 12. e4 Bxd2+ 13. Kxd2 Nc6 14. Ke3 e6 15. h4 Qe7 16. Be2 Rad8 17. Rad1 Na5 18. Qa4 c5 19. Nb5 Bc6 20. Qc2 Bxb5 21. Bxb5 cxd4+ 22. Ke2 Rc8 23. Qd2 Qc5 24. Ba6 Nc4 25. Qxd4 Rc7 26. Qxc5 Rxc5 27. Bxc4 Rxc4 28. Ke3 Rfc8 29. Rd2 R8c5 30. Kf4 Rc1 31. Rh3 h6 32. Rf3 Kg7 33. Rd7 Rc7 34. Rxc7 Rxc7 35. Rf2 Rc5 36. Rd2 g5+ 37. hxg5 hxg5+ 38. Kxg5 Rxe5+ 39. Kf4 Rc5 40. b3 Kf6 41. Rf2 e5+ 42. Ke3+ Ke6 43. Rd2 Rc3+ 44. Rd3 Rc2 45. Rd2 Rxd2 46. Kxd2 Kf6 47. Ke3 Kg5 48. Kf3 Kh4 49. a3 a6 50. b4 b5 51. Kf2 Kg4 52. g3 Kh3 53. Kf3 f6 54. Kf2 Kh2 55. Kf3 Kg1 56. g4 Kf1 57. g5 fxg5 58. Kg4 Ke2 59. Kxg5 Ke3 60. Kf5 Kd4 0-1

[Event "Miercurea Ciuc Banc Post op 12th"]
[Site "Miercurea Ciuc"]
[Date "2009.08.14"]
[Round "7"]
[White "Adam, Andrea"]
[Black "Szebeni Janosi, Pal"]
[Result "1/2-1/2"]
[WhiteElo "1916"]
[BlackElo "1867"]
[PlyCount "46"]
[EventDate "2009.08.09"]
[EventType "swiss"]
[EventRounds "9"]
[EventCountry "ROU"]
[SourceTitle "CBM 131 Extra"]
[Source "ChessBase"]
[SourceDate "2009.09.03"]
[SourceVersion "2"]
[SourceVersionDate "2009.09.16"]
[SourceQuality "1"]

1. e4 e5 2. Nf3 Nc6 3. Nc3 Nf6 4. a3 d6 5. d4 exd4 6. Nxd4 Nxd4 7. Qxd4 a6 8. Nd5 Nxd5 9. exd5 Qe7+ 10. Be3 Qe5 11. 0-0-0 Be7 12. f4 Qxd4 13. Bxd4 0-0 14. Re1 Re8 15. Bd3 Bd7 16. Re3 Bf8 17. Rg3 g6 18. f5 Bh6+ 19. Kb1 Bf4 20. fxg6 fxg6 21. Bxg6 Bxg3 22. Bxe8 Rxe8 23. hxg3 Re2 1/2-1/2

[Event "Miercurea Ciuc Banc Post op 12th"]
[Site "Miercurea Ciuc"]
[Date "2009.08.12"]
[Round "5"]
[White "Adam, Andrea"]
[Black "Darvas, Ignatie"]
[Result "1-0"]
[WhiteElo "1916"]
[BlackElo "1824"]
[PlyCount "95"]
[EventDate "2009.08.09"]
[EventType "swiss"]
[EventRounds "9"]
[EventCountry "ROU"]
[SourceTitle "CBM 131 Extra"]
[Source "ChessBase"]
[SourceDate "2009.09.03"]
[SourceVersion "2"]
[SourceVersionDate "2009.09.16"]
[SourceQuality "1"]

1. e4 e6 2. d4 d5 3. Nd2 b6 4. e5 c5 5. c3 Nc6 6. Ndf3 cxd4 7. cxd4 Bb4+ 8. Bd2 Bxd2+ 9. Qxd2 Nge7 10. Bd3 h6 11. Ne2 a5 12. a3 Ba6 13. 0-0 Bxd3 14. Qxd3 0-0 15. Rac1 Rb8 16. Nc3 f5 17. Nb5 Qd7 18. Nd6 Nc8 19. Qc3 N8a7 20. b4 axb4 21. axb4 Rfd8 22. h3 Qe7 23. b5 Na5 24. Qc7 Qxc7 25. Rxc7 Nc8 26. Rfc1 Nxd6 27. exd6 Rxd6 28. Re7 Nc4 29. Ra1 Na5 30. Rc1 Nc4 31. Ne5 Kh7 32. Nf7 Rdd8 33. Nxd8 Rxd8 34. Ra1 Na5 35. Rxe6 Nb3 36. Ra4 Rc8 37. Rxb6 Rc1+ 38. Kh2 Nd2 39. Kg3 Ne4+ 40. Kf4 Nxf2 41. Kxf5 Re1 42. Rc6 Rb1 43. b6 Ne4 44. Ra7 Rf1+ 45. Ke5 Nf6 46. Rxf6 Rxf6 47. b7 Rb6 48. Kxd5 1-0

[Event "Miercurea Ciuc Banc Post op 12th"]
[Site "Miercurea Ciuc"]
[Date "2009.08.12"]
[Round "4"]
[White "Kiraly, Ferenc"]
[Black "Adam, Andrea"]
[Result "1-0"]
[WhiteElo "1941"]
[BlackElo "1916"]
[PlyCount "71"]
[EventDate "2009.08.09"]
[EventType "swiss"]
[EventRounds "9"]
[EventCountry "ROU"]
[SourceTitle "CBM 131 Extra"]
[Source "ChessBase"]
[SourceDate "2009.09.03"]
[SourceVersion "2"]
[SourceVersionDate "2009.09.16"]
[SourceQuality "1"]

1. e4 e5 2. Nf3 Nc6 3. Bb5 a6 4. Ba4 d6 5. c3 Bg4 6. d3 Nf6 7. 0-0 Be7 8. Re1 0-0 9. Nbd2 b5 10. Bc2 d5 11. Nf1 d4 12. h3 Bxf3 13. Qxf3 dxc3 14. bxc3 b4 15. Ba4 Qd6 16. Bxc6 Qxc6 17. c4 Bc5 18. Bb2 Nd7 19. Ne3 Bxe3 20. Qxe3 f6 21. Rac1 Qd6 22. c5 Qe6 23. Rc4 a5 24. Rec1 c6 25. d4 exd4 26. Bxd4 Rad8 27. f4 Rfe8 28. Bb2 Nb8 29. a3 Rd1+ 30. Rxd1 Qxc4 31. Qd4 Qe2 32. e5 fxe5 33. fxe5 Rxe5 34. Qxe5 Qxd1+ 35. Kh2 Qd7 36. Qxb8+ 1-0

[Event "Miercurea Ciuc Banc Post op 12th"]
[Site "Miercurea Ciuc"]
[Date "2009.08.11"]
[Round "3"]
[White "Baratosi, Daniel"]
[Black "Adam, Andrea"]
[Result "1-0"]
[WhiteElo "2413"]
[BlackElo "1916"]
[PlyCount "51"]
[EventDate "2009.08.09"]
[EventType "swiss"]
[EventRounds "9"]
[EventCountry "ROU"]
[SourceTitle "CBM 131 Extra"]
[Source "ChessBase"]
[SourceDate "2009.09.03"]
[SourceVersion "2"]
[SourceVersionDate "2009.09.16"]
[SourceQuality "1"]

1. e4 e5 2. Nf3 Nc6 3. d4 exd4 4. Nxd4 Nxd4 5. Qxd4 d6 6. Nc3 Nf6 7. Bc4 Be7 8. 0-0 0-0 9. Bg5 a6 10. a4 h6 11. Bh4 Bd7 12. Rad1 Bc6 13. Rfe1 Nh7 14. Bxe7 Qxe7 15. Bd5 Bxd5 16. Nxd5 Qd8 17. Re3 c5 18. Qc3 Ng5 19. Rg3 f6 20. f3 b5 21. Nf4 Kh7 22. h4 Nf7 23. Rxg7+ Kh8 24. Rg3 Rg8 25. Rxg8+ Kxg8 26. Nh5 1-0

[Event "ROM-ch U16 Girls"]
[Site "Voineasa"]
[Date "2008.04.15"]
[Round "6"]
[White "Capraru, Roxana Elena"]
[Black "Adam, Andrea"]
[Result "0-1"]
[WhiteElo "583"]
[BlackElo "911"]
[PlyCount "74"]
[EventDate "2008.04.08"]
[EventType "swiss"]
[EventRounds "9"]
[EventCountry "ROU"]
[SourceTitle "EXT 2013"]
[Source "ChessBase"]
[SourceDate "2012.11.22"]
[SourceVersion "1"]
[SourceVersionDate "2012.11.22"]
[SourceQuality "1"]

1. e4 c5 2. Nf3 e6 3. d4 cxd4 4. Nxd4 a6 5. Nc3 Qc7 6. Bd3 Nf6 7. 0-0 Be7 8. Bg5 d6 9. Qd2 Nbd7 10. Nf3 0-0 11. h3 b5 12. Nh2 Bb7 13. Ng4 Rfe8 14. Bxf6 Nxf6 15. Nxf6+ Bxf6 16. f4 Rec8 17. Ne2 Bxb2 18. Rab1 Bf6 19. f5 d5 20. Ng3 Qxg3 21. Rf3 Qd6 22. fxe6 dxe4 23. exf7+ Kf8 24. Rxf6 Qxf6 25. Qb4+ Qe7 26. Qb3 exd3 27. cxd3 Qc5+ 28. Kh1 Bd5 29. Qd1 Bxf7 30. Qf3 Qd5 31. Qg3 Kg8 32. a3 Rd8 33. Rc1 Qxd3 34. Qf4 Qd6 35. Qf3 Rac8 36. Rf1 Bd5 37. Qe3 Rc2 0-1

[Event "ROM-ch U16 Girls"]
[Site "Voineasa"]
[Date "2008.04.14"]
[Round "4"]
[White "Adam, Andrea"]
[Black "Ilie, Maria Ruxandra"]
[Result "0-1"]
[WhiteElo "911"]
[BlackElo "401"]
[PlyCount "102"]
[EventDate "2008.04.08"]
[EventType "swiss"]
[EventRounds "9"]
[EventCountry "ROU"]
[SourceTitle "EXT 2013"]
[Source "ChessBase"]
[SourceDate "2012.11.22"]
[SourceVersion "1"]
[SourceVersionDate "2012.11.22"]
[SourceQuality "1"]

1. e4 d6 2. d4 Nf6 3. Nc3 e5 4. Nf3 exd4 5. Nxd4 Be7 6. Bc4 0-0 7. 0-0 Nxe4 8. Bxf7+ Rxf7 9. Nxe4 c5 10. Nb3 Nc6 11. Be3 Bf5 12. Nbd2 b6 13. c4 d5 14. cxd5 Qxd5 15. Nc3 Qe6 16. Qb3 Qg6 17. Nd5 Be6 18. Kh1 Rd8 19. Nxe7+ Nxe7 20. Qa4 Nd5 21. Nc4 Qf6 22. Rad1 Rfd7 23. h3 Nxe3 24. Nxe3 Qxb2 25. Rxd7 Rxd7 26. Rd1 Qb4 27. Qc6 Rxd1+ 28. Nxd1 Qe1+ 29. Kh2 Qe5+ 30. g3 Bd5 31. Qc8+ Kf7 32. Qd7+ Kf6 33. Ne3 Be6 34. Qd8+ Kf7 35. Qa8 Qc7 36. Qf3+ Kg8 37. Qa8+ Bc8 38. Ng4 Qb7 39. Qxb7 Bxb7 40. Ne5 Bd5 41. a3 c4 42. Kg1 c3 43. Nd3 c2 44. Nc1 Bc4 45. f3 b5 46. Kf2 a5 47. Ke3 b4 48. axb4 axb4 49. Kd2 b3 50. Kc3 Kf7 51. Kb2 Ke6 0-1

[Event "Targu Mures Cup III-A"]
[Site "Targu Mures"]
[Date "2008.02.05"]
[Round "7"]
[White "Adam, Andrea"]
[Black "Bardi, Tiberiu"]
[Result "1/2-1/2"]
[WhiteElo "1904"]
[BlackElo "2099"]
[PlyCount "74"]
[EventDate "2008.02.02"]
[EventType "swiss"]
[EventRounds "7"]
[EventCountry "ROU"]
[SourceTitle "EXT 2010"]
[Source "ChessBase"]
[SourceDate "2010.11.25"]
[SourceVersion "1"]
[SourceVersionDate "2010.11.25"]
[SourceQuality "1"]

1. e4 d6 2. d4 Nf6 3. Nc3 g6 4. Be3 Bg7 5. f3 0-0 6. Qd2 c6 7. g4 h5 8. gxh5 Nxh5 9. Nge2 b5 10. Ng3 Nf6 11. a3 a5 12. h4 Nbd7 13. h5 Nxh5 14. Nxh5 gxh5 15. Bh6 f6 16. Rxh5 Rf7 17. Qh2 Nf8 18. Bxg7 Rxg7 19. Rh8+ Kf7 20. Qh5+ Rg6 21. 0-0-0 e5 22. d5 b4 23. Ne2 bxa3 24. bxa3 cxd5 25. Ng3 Qb6 26. Rxd5 Qe3+ 27. Kd1 Qg5 28. Qxg5 fxg5 29. Bh3 Bxh3 30. Rxh3 Ke6 31. Nf5 Ra6 32. Ne3 Nd7 33. Rb5 Nf6 34. Nc4 d5 35. exd5+ Nxd5 36. Rxa5 Rc6 37. Nb2 Ne3+ 1/2-1/2

[Event "Wch U16 Girls"]
[Site "Kemer"]
[Date "2007.11.24"]
[Round "7"]
[White "Walallawita, Lihini Ashwini"]
[Black "Adam, Andrea"]
[Result "0-1"]
[WhiteElo "1780"]
[BlackElo "1918"]
[PlyCount "62"]
[EventDate "2007.11.18"]
[EventType "swiss"]
[EventRounds "11"]
[EventCountry "TUR"]
[SourceTitle "CBM 121 Extra"]
[Source "ChessBase"]
[SourceDate "2008.01.10"]
[SourceVersion "1"]
[SourceVersionDate "2008.01.10"]
[SourceQuality "1"]

1. e4 c5 2. Nf3 e6 3. d4 cxd4 4. Nxd4 a6 5. Nc3 Qc7 6. Bd3 Nf6 7. 0-0 Be7 8. Be3 0-0 9. f4 d6 10. Qf3 Nbd7 11. Qh3 h6 12. f5 e5 13. Nde2 Nh7 14. Nd5 Qd8 15. Nxe7+ Qxe7 16. Rf3 Ng5 17. Bxg5 Qxg5 18. Rg3 Qf6 19. Rg4 Kh7 20. Ng3 Rg8 21. Nh5 Qe7 22. Bc4 b5 23. Qg3 Qf8 24. Bd5 Rb8 25. Qb3 Nc5 26. Qb4 Bb7 27. Rd1 Bxd5 28. Rxd5 f6 29. Ng3 Qe7 30. Nf1 Qa7 31. Rxd6 Nxe4+ 0-1